[Event "POL-chT 2nd League Juniors 2020"]
[Site "Sypniewo"]
[Date "2020.10.24"]
[Round "2.16"]
[White "Zimny, Jakub"]
[Black "Pycinski, Wladyslaw"]
[Result "0-1"]
[WhiteElo "1569"]
[BlackElo "1149"]
[Annotator "NA RC"]
[PlyCount "148"]
[EventDate "2020.10.23"]
[EventType "team-tourn"]
[EventCountry "POL"]
[SourceTitle "playchess.com"]
[Source "ChessBase"]
[SourceQuality "1"]
[TimeControl "5400+30"]

1. e4 {[%emt 0:00:00]} c5 {[%emt 0:00:00]} 2. Nf3 {[%emt 0:00:00]} g6 {[%emt 0:00:16]} 3. d4 {[%emt 0:00:02]} cxd4 {[%emt 0:00:09]} 4. Nxd4 {[%emt 0:00:13]} Nc6 {[%emt 0:00:08]} 5. Be3 {[%emt 0:00:35]} Bg7 {[%emt 0:00:17]} 6. c4 {[%emt 0:00:41]} Nf6 {[%emt 0:00:27]} 7. Nc3 {[%emt 0:01:01]} d6 {[%emt 0:00:22]} 8. Be2 {[%emt 0:01:32]} Qa5 {[%emt 0:01:43]} 9. O-O {[%emt 0:09:19]} O-O {[%emt 0:00:33]} 10. f4 {[%emt 0:06:34]} Bd7 {[%emt 0:04:03]} 11. Nb3 {[%emt 0:10:23]} Qd8 {[%emt 0:01:55]} 12. c5 {[%emt 0:06:15]} dxc5 {[%emt 0:01:24]} 13. e5 {[%emt 0:00:15]} Ne8 {[%emt 0:02:48]} 14. Nxc5 {[%emt 0:01:27]} Bc8 {[%emt 0:01:03]} 15. Qxd8 {[%emt 0:20:44]} Nxd8 {[%emt 0:00:08]} 16. Rfd1 {[%emt 0:02:24]} Nc7 {[%emt 0:00:36]} 17. Rd2 {[%emt 0:01:50]} Nde6 {[%emt 0:01:16]} 18. Rad1 {[%emt 0:00:45]} g5 {[%emt 0:06:14]} 19. g3 {[%emt 0:03:11]} gxf4 {[%emt 0:01:39]} 20. gxf4 {[%emt 0:00:10]} Bh6 {[%emt 0:00:15]} 21. Nxe6 {[%emt 0:02:00]} Nxe6 {[%emt 0:02:32]} 22. Nd5 {[%emt 0:01:38]} Kh8 {[%emt 0:04:41]} 23. f5 {[%emt 0:05:24]} Bxe3+ {[%emt 0:00:28]} 24. Nxe3 {[%emt 0:00:11]} Nf4 {[%emt 0:00:59]} 25. Bf3 {[%emt 0:03:25]} Rg8+ {[%emt 0:00:46]} 26. Kf1 {[%emt 0:00:47]} Nh3 {[%emt 0:04:32]} 27. Rd8 {[%emt 0:00:33]} Ng5 {[%emt 0:02:00]} 28. Rxg8+ {[%emt 0:01:35]} Kxg8 {[%emt 0:00:05]} 29. Rd8+ {[%emt 0:00:28]} Kg7 {[%emt 0:00:04]} 30. Bg2 {[%emt 0:00:15]} Rb8 {[%emt 0:01:05]} 31. h4 {[%emt 0:00:32]} b6 {[%emt 0:00:43]} 32. hxg5 {[%emt 0:00:44]} Ba6+ {[%emt 0:00:10]} 33. Kf2 {[%emt 0:00:18]} Rxd8 {[%emt 0:00:10]} 34. f6+ {[%emt 0:00:56]} exf6 {[%emt 0:00:19]} 35. gxf6+ {[%emt 0:00:13]} Kf8 {[%emt 0:00:08]} 36. Bd5 {[%emt 0:01:38]} Bc8 {[%emt 0:01:51]} 37. Kg3 {[%emt 0:01:15]} Be6 {[%emt 0:00:28]} 38. Bxe6 {[%emt 0:01:16]} fxe6 {[%emt 0:00:18]} 39. Nc4 {[%emt 0:00:44]} Kf7 {[%emt 0:02:45]} 40. b3 {[%emt 0:00:41]} b5 {[%emt 0:00:46]} 41. Na5 {[%emt 0:01:06]} Rd5 {[%emt 0:12:38]} 42. Nc6 {[%emt 0:01:50]} Ke8 {[%emt 0:00:58]} 43. Kg4 {[%emt 0:00:58]} Rc5 {[%emt 0:00:42]} 44. Nxa7 {[%emt 0:02:01]} Rxe5 {[%emt 0:00:42]} 45. Nc6 {[%emt 0:00:40]} Rf5 {[%emt 0:00:45]} 46. Nd4 {[%emt 0:00:26]} Rxf6 {[%emt 0:00:19]} 47. Nxb5 {[%emt 0:00:08]} e5 {[%emt 0:00:53]} 48. Kg5 {[%emt 0:01:53]} Rf2 {[%emt 0:00:22]} 49. a4 {[%emt 0:02:25]} Kd7 {[%emt 0:01:52]} 50. Nc3 {[%emt 0:01:25]} Rb2 {[%emt 0:02:29]} 51. Kf5 {[%emt 0:01:39]} Kd6 {[%emt 0:00:20]} 52. Ne4+ {[%emt 0:01:12]} Kd5 {[%emt 0:01:25]} 53. Nc3+ {[%emt 0:00:25]} Kc5 {[%emt 0:00:38]} 54. Kxe5 {[%emt 0:00:28]} Rxb3 {[%emt 0:00:44]} 55. Ne4+ {[%emt 0:00:09]} Kb4 {[%emt 0:00:26]} 56. Kf4 {[%emt 0:00:21]} Rb1 {[%emt 0:00:22]} 57. Ng3 {[%emt 0:00:46]} Rg1 {[%emt 0:00:14]} 58. Kg4 {[%emt 0:04:45]} Kxa4 {[%emt 0:00:32]} 59. Kh3 {[%emt 0:00:14]} Kb4 {[%emt 0:00:16]} 60. Kh2 {[%emt 0:00:21]} Ra1 {[%emt 0:00:08]} 61. Nh5 {[%emt 0:01:11]} Kc5 {[%emt 0:00:54]} 62. Nf6 {[%emt 0:00:23]} Ra7 {[%emt 0:00:10]} 63. Kh3 {[%emt 0:01:08]} Kd6 {[%emt 0:00:28]} 64. Ne4+ {[%emt 0:02:59]} Ke5 {[%emt 0:00:57]} 65. Ng5 {[%emt 0:00:57]} h6 {[%emt 0:00:39]} 66. Nf3+ {[%emt 0:00:34]} Kf4 {[%emt 0:00:10]} 67. Nd4 {[%emt 0:00:23]} Re7 {[%emt 0:01:00]} 68. Kh2 {[%emt 0:00:45]} Re4 {[%emt 0:00:18]} 69. Nc6 {[%emt 0:00:23]} Kg4 {[%emt 0:00:30]} 70. Kg2 {[%emt 0:00:39]} h5 {[%emt 0:00:29]} 71. Kf2 {[%emt 0:00:23]} h4 {[%emt 0:00:26]} 72. Kg1 {[%emt 0:00:32]} Kg3 {[%emt 0:00:09]} 73. Kf1 {[%emt 0:00:14]} h3 {[%emt 0:00:17]} 74. Nd4 {[%emt 0:00:16]} Rxd4 {[%emt 0:00:19]} 0-1

[Event "POL-chT 2nd League Juniors 2020"]
[Site "Sypniewo"]
[Date "2020.10.24"]
[Round "2.17"]
[White "Kudlak, Julia"]
[Black "Jedrzejko, Martyna"]
[Result "1/2-1/2"]
[WhiteElo "1574"]
[BlackElo "1618"]
[Annotator "NA RC"]
[PlyCount "135"]
[EventDate "2020.10.23"]
[EventType "team-tourn"]
[EventCountry "POL"]
[SourceTitle "playchess.com"]
[Source "ChessBase"]
[SourceQuality "1"]
[TimeControl "5400+30"]

1. e4 {[%emt 0:00:00]} c5 {[%emt 0:00:00]} 2. Nf3 {[%emt 0:00:00]} Nc6 {[%emt 0:00:00]} 3. d4 {[%emt 0:00:01]} cxd4 {[%emt 0:00:00]} 4. Nxd4 {[%emt 0:00:11]} Nf6 {[%emt 0:00:26]} 5. Nc3 {[%emt 0:00:37]} e5 {[%emt 0:00:18]} 6. Ndb5 {[%emt 0:00:56]} d6 {[%emt 0:00:22]} 7. Bg5 {[%emt 0:01:07]} a6 {[%emt 0:00:28]} 8. Na3 {[%emt 0:00:35]} b5 {[%emt 0:00:33]} 9. Nd5 {[%emt 0:00:52]} Be7 {[%emt 0:00:24]} 10. Bxf6 {[%emt 0:02:08]} Bxf6 {[%emt 0:00:14]} 11. c3 {[%emt 0:03:11]} O-O {[%emt 0:03:21]} 12. Nc2 {[%emt 0:03:43]} Bg5 {[%emt 0:01:49]} 13. h4 {[%emt 0:02:52]} Bh6 {[%emt 0:00:50]} 14. g4 {[%emt 0:03:26]} Bf4 {[%emt 0:04:35]} 15. Qf3 {[%emt 0:05:59]} Re8 {[%emt 0:06:11]} 16. Be2 {[%emt 0:13:33]} Bb7 {[%emt 0:09:29]} 17. Nxf4 {[%emt 0:04:44]} exf4 {[%emt 0:00:07]} 18. Qxf4 {[%emt 0:10:21]} Qe7 {[%emt 0:01:24]} 19. f3 {[%emt 0:02:34]} d5 {[%emt 0:00:35]} 20. O-O-O {[%emt 0:03:37]} dxe4 {[%emt 0:01:47]} 21. fxe4 {[%emt 0:01:46]} Qxe4 {[%emt 0:01:19]} 22. Qxe4 {[%emt 0:00:41]} Rxe4 {[%emt 0:00:06]} 23. Bf3 {[%emt 0:02:32]} Re7 {[%emt 0:02:15]} 24. Rhe1 {[%emt 0:05:10]} Rxe1 {[%emt 0:05:32]} 25. Rxe1 {[%emt 0:01:14]} Kf8 {[%emt 0:01:08]} 26. Nd4 {[%emt 0:02:44]} Na5 {[%emt 0:03:01]} 27. b3 {[%emt 0:02:55]} Bxf3 {[%emt 0:01:08]} 28. Nxf3 {[%emt 0:00:01]} Nc6 {[%emt 0:00:36]} 29. Ne5 {[%emt 0:02:06]} Nxe5 {[%emt 0:01:29]} 30. Rxe5 {[%emt 0:00:01]} Rd8 {[%emt 0:04:32]} 31. Kc2 {[%emt 0:00:57]} f6 {[%emt 0:01:34]} 32. Re6 {[%emt 0:01:18]} Ra8 {[%emt 0:00:33]} 33. a4 {[%emt 0:01:40]} bxa4 {[%emt 0:00:38]} 34. bxa4 {[%emt 0:00:27]} Kf7 {[%emt 0:00:20]} 35. Rb6 {[%emt 0:00:30]} g6 {[%emt 0:01:02]} 36. c4 {[%emt 0:01:27]} f5 {[%emt 0:00:22]} 37. gxf5 {[%emt 0:01:23]} gxf5 {[%emt 0:00:11]} 38. Kd3 {[%emt 0:03:09]} Rd8+ {[%emt 0:10:41]} 39. Ke3 {[%emt 0:00:54]} Rc8 {[%emt 0:02:34]} 40. Kd4 {[%emt 0:00:27]} Rd8+ {[%emt 0:01:31]} 41. Ke5 {[%emt 0:01:36]} Rc8 {[%emt 0:00:32]} 42. Kd5 {[%emt 0:02:25]} Rd8+ {[%emt 0:00:23]} 43. Ke5 {[%emt 0:01:06]} Rc8 {[%emt 0:00:08]} 44. Kd4 {[%emt 0:02:40]} Rd8+ {[%emt 0:00:47]} 45. Kc3 {[%emt 0:02:03]} Ra8 {[%emt 0:04:38]} 46. c5 {[%emt 0:00:07]} f4 {[%emt 0:00:12]} 47. Kd4 {[%emt 0:00:33]} Rd8+ {[%emt 0:01:44]} 48. Ke4 {[%emt 0:00:15]} Rc8 {[%emt 0:00:13]} 49. c6 {[%emt 0:00:21]} a5 {[%emt 0:00:50]} 50. Kxf4 {[%emt 0:02:12]} Ke6 {[%emt 0:01:43]} 51. Kg5 {[%emt 0:02:28]} Kd6 {[%emt 0:00:22]} 52. Ra6 {[%emt 0:02:03]} Rc7 {[%emt 0:01:07]} 53. h5 {[%emt 0:01:59]} Kc5 {[%emt 0:01:05]} 54. Kf6 {[%emt 0:00:33]} Kd6 {[%emt 0:04:30]} 55. h6 {[%emt 0:00:30]} Kd5 {[%emt 0:00:27]} 56. Kf5 {[%emt 0:00:54]} Kd6 {[%emt 0:00:34]} 57. Rb6 {[%emt 0:00:42]} Kc5 {[%emt 0:02:34]} 58. Rb1 {[%emt 0:02:09]} Kd6 {[%emt 0:00:30]} 59. Rd1+ {[%emt 0:01:13]} Kxc6 {[%emt 0:00:39]} 60. Ke6 {[%emt 0:00:50]} Ra7 {[%emt 0:05:27]} 61. Rc1+ {[%emt 0:00:38]} Kb7 {[%emt 0:00:27]} 62. Kd7 {[%emt 0:01:09]} Kb6+ {[%emt 0:06:39]} 63. Ke6 {[%emt 0:00:39]} Kb7 {[%emt 0:00:41]} 64. Rd1 {[%emt 0:00:31]} Kc6 {[%emt 0:02:46]} 65. Rc1+ {[%emt 0:00:04]} Kb7 {[%emt 0:00:10]} 66. Rd1 {[%emt 0:00:02]} Kc6 {[%emt 0:00:40]} 67. Rg1 {[%emt 0:01:14]} Kc5 {[%emt 0:00:34]} 68. Rh1 {[%emt 0:00:39]} 1/2-1/2

[Event "POL-chT 2nd League Juniors 2020"]
[Site "Sypniewo"]
[Date "2020.10.24"]
[Round "2.18"]
[White "Wieczorek, Maja"]
[Black "Tim, Anna"]
[Result "1-0"]
[WhiteElo "1141"]
[BlackElo "1237"]
[Annotator "NA RC"]
[PlyCount "140"]
[EventDate "2020.10.23"]
[EventType "team-tourn"]
[EventCountry "POL"]
[SourceTitle "playchess.com"]
[Source "ChessBase"]
[SourceQuality "1"]
[TimeControl "5400+30"]

1. e4 {[%emt 0:00:00]} e6 {[%emt 0:00:00]} 2. d4 {[%emt 0:00:00]} d5 {[%emt 0:00:00]} 3. Nc3 {[%emt 0:00:00]} Nf6 {[%emt 0:00:42]} 4. e5 {[%emt 0:00:02]} Nfd7 {[%emt 0:00:11]} 5. f4 {[%emt 0:00:10]} a6 {[%emt 0:01:02]} 6. Nf3 {[%emt 0:00:22]} c5 {[%emt 0:00:23]} 7. Be3 {[%emt 0:00:26]} Nc6 {[%emt 0:07:55]} 8. Bd3 {[%emt 0:01:18]} b5 {[%emt 0:02:04]} 9. a3 {[%emt 0:01:15]} Qb6 {[%emt 0:02:11]} 10. Be2 {[%emt 0:01:39]} Bb7 {[%emt 0:02:11]} 11. O-O {[%emt 0:00:56]} O-O-O {[%emt 0:05:44]} 12. Na2 {[%emt 0:02:38]} h6 {[%emt 0:05:30]} 13. c3 {[%emt 0:00:46]} Be7 {[%emt 0:00:59]} 14. b4 {[%emt 0:03:50]} c4 {[%emt 0:01:15]} 15. a4 {[%emt 0:00:34]} Rdg8 {[%emt 0:01:08]} 16. axb5 {[%emt 0:00:41]} axb5 {[%emt 0:00:40]} 17. Qd2 {[%emt 0:02:58]} Qd8 {[%emt 0:09:38]} 18. Nc1 {[%emt 0:04:41]} g5 {[%emt 0:05:36]} 19. h3 {[%emt 0:06:23]} g4 {[%emt 0:09:53]} 20. hxg4 {[%emt 0:00:16]} Rxg4 {[%emt 0:00:36]} 21. Nh2 {[%emt 0:03:38]} Rgg8 {[%emt 0:05:35]} 22. f5 {[%emt 0:00:59]} Bg5 {[%emt 0:02:51]} 23. f6 {[%emt 0:01:21]} Bxe3+ {[%emt 0:07:05]} 24. Qxe3 {[%emt 0:00:12]} Rg5 {[%emt 0:01:36]} 25. Bg4 {[%emt 0:02:48]} Qg8 {[%emt 0:03:20]} 26. Bh3 {[%emt 0:01:53]} Rg3 {[%emt 0:00:58]} 27. Rf3 {[%emt 0:00:42]} Rg5 {[%emt 0:07:00]} 28. Ne2 {[%emt 0:02:29]} Qf8 {[%emt 0:11:21]} 29. Rg3 {[%emt 0:00:51]} Rxg3 {[%emt 0:01:23]} 30. Qxg3 {[%emt 0:00:36]} Qg8 {[%emt 0:01:35]} 31. Qxg8+ {[%emt 0:00:43]} Rxg8 {[%emt 0:00:12]} 32. Bg4 {[%emt 0:00:09]} Nb6 {[%emt 0:02:29]} 33. Bh5 {[%emt 0:00:17]} Nd8 {[%emt 0:00:16]} 34. Ra5 {[%emt 0:01:07]} Bc6 {[%emt 0:00:27]} 35. Ra6 {[%emt 0:00:26]} Kb7 {[%emt 0:00:42]} 36. Ra1 {[%emt 0:00:37]} Na4 {[%emt 0:00:10]} 37. Rc1 {[%emt 0:02:18]} Rg5 {[%emt 0:01:03]} 38. Bf3 {[%emt 0:02:21]} Rg8 {[%emt 0:00:44]} 39. Ng4 {[%emt 0:00:16]} Rh8 {[%emt 0:01:48]} 40. Nf4 {[%emt 0:00:29]} Nb2 {[%emt 0:01:10]} 41. Nh2 {[%emt 0:02:45]} Na4 {[%emt 0:00:09]} 42. Bh5 {[%emt 0:00:31]} Kb8 {[%emt 0:00:32]} 43. Ne2 {[%emt 0:02:31]} Rg8 {[%emt 0:00:15]} 44. Rf1 {[%emt 0:04:10]} Rg5 {[%emt 0:00:15]} 45. Bg4 {[%emt 0:01:33]} Kb7 {[%emt 0:00:27]} 46. Rf3 {[%emt 0:00:57]} h5 {[%emt 0:01:00]} 47. Bh3 {[%emt 0:00:45]} Kc7 {[%emt 0:00:44]} 48. Rf4 {[%emt 0:00:35]} Rg8 {[%emt 0:00:44]} 49. Rh4 {[%emt 0:00:19]} Rh8 {[%emt 0:00:01]} 50. Bg4 {[%emt 0:00:40]} Be8 {[%emt 0:00:58]} 51. Rxh5 {[%emt 0:00:57]} Rxh5 {[%emt 0:00:06]} 52. Bxh5 {[%emt 0:00:09]} Kc8 {[%emt 0:00:25]} 53. Ng4 {[%emt 0:00:19]} Kc7 {[%emt 0:00:09]} 54. Nh6 {[%emt 0:00:20]} Kd7 {[%emt 0:00:22]} 55. g4 {[%emt 0:00:23]} Kc7 {[%emt 0:00:07]} 56. g5 {[%emt 0:00:10]} Kd7 {[%emt 0:00:03]} 57. Kf1 {[%emt 0:01:20]} Nb2 {[%emt 0:01:41]} 58. Ke1 {[%emt 0:00:39]} Nd3+ {[%emt 0:00:22]} 59. Kd2 {[%emt 0:00:25]} Nf2 {[%emt 0:00:22]} 60. Bf3 {[%emt 0:03:57]} Nh3 {[%emt 0:00:35]} 61. Nf4 {[%emt 0:04:21]} Nxf4 {[%emt 0:00:26]} 62. Ke3 {[%emt 0:00:24]} Nh3 {[%emt 0:00:11]} 63. Ng8 {[%emt 0:01:31]} Nxg5 {[%emt 0:00:13]} 64. Bg2 {[%emt 0:00:33]} Nc6 {[%emt 0:01:00]} 65. Kf4 {[%emt 0:00:23]} Nh7 {[%emt 0:00:47]} 66. Kg4 {[%emt 0:00:39]} Nf8 {[%emt 0:00:24]} 67. Kg5 {[%emt 0:00:33]} Ng6 {[%emt 0:00:06]} 68. Bf3 {[%emt 0:00:47]} Nd8 {[%emt 0:01:26]} 69. Bh5 {[%emt 0:00:43]} Kc7 {[%emt 0:00:37]} 70. Ne7 {[%emt 0:01:01]} Kd7 1-0

[Event "POL-chT 2nd League Juniors 2020"]
[Site "Sypniewo"]
[Date "2020.10.24"]
[Round "2.19"]
[White "Bujalski, Mateusz"]
[Black "Chaczynski, Kamil"]
[Result "0-1"]
[WhiteElo "1865"]
[BlackElo "1929"]
[Annotator "TA"]
[PlyCount "65"]
[EventDate "2020.10.23"]
[EventType "team-tourn"]
[EventCountry "POL"]
[SourceTitle "playchess.com"]
[Source "ChessBase"]
[SourceQuality "1"]

{[%evp 19,65,-30,-27,-22,-25,-37,-36,-55,-44,-104,-64,-290,-285,-276,-285,-285,-279,-282,-277,-270,-263,-251,-242,-421,-416,-424,-395,-623,-590,-1342,-1309,-1282,-1264,-1645,-1637,-6222,-5659,-29985,-1144,-29984,-29985,-29985,-29986,-29981,-2331,-29978,-29979,-29992]} 1. e4 e6 2. d4 d5 3. e5 c5 4. c3 Nc6 5. Nf3 Qb6 6. Bd3 cxd4 7. cxd4 Bd7 8. Bc2 Nb4 9. O-O Nxc2 10. Qxc2 Rc8 11. Nc3 {C02: French: Advance Variation.} Ne7 12. Be3 Nf5 13. g4 {Black is slightly better.} Ne7 {[#]} 14. Ng5 $146 (14. h3 $15) ({Predecessor:} 14. Rac1 h5 15. g5 Nf5 16. Qe2 Qa5 17. Bd2 Qd8 18. Nb5 a6 19. Nc7+ Rxc7 20. Ba5 {0-1 (32) Hurtuk,R (1941)-Macko,P (2035) Tatralandia 2015}) 14... h6 15. Nh7 $2 {[#]} ({White should try} 15. Nf3 $15) 15... Rxh7 $1 $19 {[%mdl 576] Deflection} 16. Qxh7 Qxb2 17. Qb1 Qxc3 18. Rc1 Qa5 19. Qxb7 Nc6 {aiming for ...Rb8.} 20. Rab1 Be7 ({And not} 20... Qxa2 21. Ra1 $11) 21. Rb5 $2 (21. Qb3) 21... Qxa2 22. Rb2 Qa3 23. Bd2 (23. Rb3 $142 Qa5 24. Rb5) 23... Qf3 24. Rbc2 Qxg4+ 25. Kf1 Rb8 26. Qc7 Bd8 27. Qd6 {[#]} Nxd4 $1 {( -> ...Bb5+)} 28. Qxb8 Bb5+ (28... Qh3+ $142 29. Ke1 Qd3 30. Qxd8+ {[%mdl 64] Remove Defender} Kxd8 31. Ba5+ Ke7 32. Bb4+ Ke8 33. f4 Nxc2+ 34. Rxc2 Qxc2 35. h3 Qg2 36. Bd2 d4 37. Kd1 Ba4+ 38. Kc1 Qb7 39. Bb4 Qxb4 40. f5 d3 41. fxe6 d2#) 29. Rc4 Bxc4+ 30. Rxc4 Qe2+ 31. Kg2 Qxc4 (31... Qe4+ $142 32. Kg1 dxc4 33. Qb4 Qg4+ 34. Kh1 Ne2 35. Qa4+ Kf8 36. Qa3+ Kg8 37. Qg3 Nxg3+ 38. hxg3 Qd1+ {[%mdl 64] Double Attack} 39. Be1 Qxe1+ {[%mdl 64] Double Attack} 40. Kg2 Bb6 41. Kh3 Qxf2 42. Kh4 Qf5 43. g4 Qf3 44. Kh5 Qh3#) 32. Ba5 Nc6 {[%mdl 64] Double Attack} 33. Qb5 {White got outplayed after the opening. Av CentiPawn Loss W=-228/B=-131. Weighted=-168/-82} 0-1

[Event "POL-chT 2nd League Juniors 2020"]
[Site "Sypniewo"]
[Date "2020.10.24"]
[Round "2.20"]
[White "Niemier, Hubert"]
[Black "Dalkowski, Rafal"]
[Result "1-0"]
[WhiteElo "1771"]
[BlackElo "1871"]
[Annotator "NA RC"]
[PlyCount "79"]
[EventDate "2020.10.23"]
[EventType "team-tourn"]
[EventCountry "POL"]
[SourceTitle "playchess.com"]
[Source "ChessBase"]
[SourceQuality "1"]
[TimeControl "5400+30"]

1. d4 {[%emt 0:00:00]} c5 {[%emt 0:00:00]} 2. d5 {[%emt 0:00:00]} Nf6 {[%emt 0:00:00]} 3. c4 {[%emt 0:00:00]} b5 {[%emt 0:00:00]} 4. cxb5 {[%emt 0:00:00]} a6 {[%emt 0:00:00]} 5. bxa6 {[%emt 0:00:00]} Bxa6 {[%emt 0:00:00]} 6. Nc3 {[%emt 0:00:00]} d6 {[%emt 0:00:07]} 7. e4 {[%emt 0:00:00]} Bxf1 {[%emt 0:00:09]} 8. Kxf1 {[%emt 0:00:00]} g6 {[%emt 0:00:11]} 9. Nf3 {[%emt 0:00:00]} Bg7 {[%emt 0:00:09]} 10. g3 {[%emt 0:00:00]} O-O {[%emt 0:01:14]} 11. Kg2 {[%emt 0:00:00]} Nbd7 {[%emt 0:02:27]} 12. Re1 {[%emt 0:00:05] 12.Qe2 is the modern continuation.} Qa5 {[%emt 0:02:45]} 13. Nd2 {[%emt 0:04:20]} (13. a4 $16) 13... Nb6 {[%emt 0:03:06] A59: Benko/Volga Gambit: White castles by hand.} 14. Qe2 {[%emt 0:05:28] [#]} Nfd7 $146 {[%emt 0:10:38]} ({Predecessor:} 14... Rfb8 15. a3 Nfd7 16. Nb3 Qa6 17. Qxa6 Rxa6 18. Nd2 Ne5 19. f4 Nd3 20. Re3 Nxc1 21. Rxc1 {0-1 (33) Borowicz,P (1936)-Fengier,W (2095) Koszalin 2007}) 15. Nd1 {[%emt 0:01:16]} Rfc8 {[%emt 0:07:08]} 16. Ne3 {[%emt 0:01:14]} c4 {[%emt 0:03:54]} 17. Nexc4 $2 {[%emt 0:04:09]} (17. a3 $11 {and White is okay.}) 17... Nxc4 {[%emt 0:02:01]} 18. Nxc4 {[%emt 0:00:19]} Rxc4 {[%emt 0:01:12]} 19. Qxc4 {[%emt 0:03:10]} Qxe1 {[%emt 0:00:19]} 20. a4 {[%emt 0:03:07]} Nc5 {[%emt 0:03:17]} 21. Ra2 {[%emt 0:01:04]} Qxe4+ {[%emt 0:03:38]} 22. Qxe4 {[%emt 0:00:05]} Nxe4 {[%emt 0:00:09]} 23. a5 {[%emt 0:00:06]} Kf8 {[%emt 0:37:16]} 24. Be3 {[%emt 0:07:24]} Nf6 $2 {[%emt 0:09:28]} (24... Ke8 $19 {has better winning chances.} 25. Kf3 Nf6) 25. b4 {[%emt 0:00:39]} Nxd5 {[%emt 0:00:06]} 26. b5 {[%emt 0:00:41]} Nc7 {[%emt 0:06:48]} 27. b6 {[%emt 0:00:08]} Na6 {[%emt 0:00:06]} 28. Rc2 {[%emt 0:01:50]} Ke8 {[%emt 0:02:50]} 29. b7 {[%emt 0:00:06]} Rb8 {[%emt 0:00:03]} 30. Rc6 {[%emt 0:00:19]} Rxb7 {[%emt 0:00:36]} 31. Rxa6 {[%emt 0:00:08]} Rb8 {[%emt 0:01:16]} 32. Ra7 {[%emt 0:00:18]} d5 {[%emt 0:03:12]} (32... h6 $11 {keeps the balance.}) 33. Bb6 {[%emt 0:00:47]} d4 {[%emt 0:00:47]} 34. Kf3 {[%emt 0:00:10]} e5 {[%emt 0:00:54]} 35. Ke4 {[%emt 0:01:53]} f5+ {[%emt 0:01:09]} 36. Kd5 {[%emt 0:01:35]} d3 {[%emt 0:00:34]} 37. Rxg7 {[%emt 0:00:27]} Rxb6 {[%emt 0:00:28]} 38. axb6 {[%emt 0:00:05]} d2 {[%emt 0:00:02]} 39. Ke6 {[%emt 0:00:04]} Kf8 {[%emt 0:00:06]} 40. Rd7 {[%emt 0:00:05]} 1-0

[Event "POL-chT 2nd League Juniors 2020"]
[Site "Sypniewo"]
[Date "2020.10.24"]
[Round "2.21"]
[White "Wieckowski, Michal"]
[Black "Skrzypinski, Jan"]
[Result "1/2-1/2"]
[WhiteElo "1494"]
[BlackElo "1418"]
[Annotator "NA RC"]
[PlyCount "84"]
[EventDate "2020.10.23"]
[EventType "team-tourn"]
[EventCountry "POL"]
[SourceTitle "playchess.com"]
[Source "ChessBase"]
[SourceQuality "1"]
[TimeControl "5400+30"]

1. e4 {[%emt 0:00:00]} c5 {[%emt 0:00:00]} 2. b3 {[%emt 0:00:00]} Nc6 {[%emt 0:07:03]} 3. Nf3 {[%emt 0:02:03]} e6 {[%emt 0:02:59]} 4. Bb2 {[%emt 0:03:15]} d5 {[%emt 0:00:24]} 5. exd5 {[%emt 0:02:24]} exd5 {[%emt 0:00:59]} 6. Bb5 {[%emt 0:05:02]} Be6 {[%emt 0:00:59]} 7. Qe2 {[%emt 0:02:05]} h6 {[%emt 0:08:54]} 8. O-O {[%emt 0:09:43]} Nf6 {[%emt 0:02:24]} 9. Ne5 {[%emt 0:10:18]} Rc8 {[%emt 0:00:50]} 10. f4 {[%emt 0:04:07]} Be7 {[%emt 0:00:46]} 11. f5 {[%emt 0:08:38]} Bd7 {[%emt 0:00:10]} 12. Nxd7 {[%emt 0:01:28]} Qxd7 13. Bxf6 {[%emt 0:01:03]} gxf6 {[%emt 0:00:09]} 14. Nc3 {[%emt 0:02:01]} a6 {[%emt 0:01:09]} 15. Bxc6 {[%emt 0:00:46]} Qxc6 {[%emt 0:00:08]} 16. Rae1 {[%emt 0:01:29]} Rc7 {[%emt 0:00:06]} 17. Qf3 {[%emt 0:03:08]} Rd7 {[%emt 0:01:21]} 18. Re2 {[%emt 0:01:45]} Kd8 {[%emt 0:00:16]} 19. Rfe1 {[%emt 0:03:46]} Bd6 {[%emt 0:00:14]} 20. g3 {[%emt 0:01:49]} Rg8 {[%emt 0:01:25]} 21. Kh1 {[%emt 0:02:53]} Be5 {[%emt 0:00:37]} 22. Nd1 {[%emt 0:03:21]} d4 {[%emt 0:00:51]} 23. Qxc6 {[%emt 0:00:44]} bxc6 {[%emt 0:00:03]} 24. Nb2 {[%emt 0:06:57]} Rg5 {[%emt 0:01:04]} 25. Rf1 {[%emt 0:00:26]} Kc7 {[%emt 0:00:34]} 26. Nc4 {[%emt 0:01:30]} Rd5 {[%emt 0:00:32]} 27. Kg2 {[%emt 0:05:26]} h5 {[%emt 0:00:58]} 28. Kh3 {[%emt 0:00:19]} Bd6 {[%emt 0:00:20]} 29. Ref2 {[%emt 0:00:42]} d3 {[%emt 0:01:14]} 30. c3 {[%emt 0:00:47]} Be5 {[%emt 0:00:25]} 31. Rf3 {[%emt 0:02:09]} Rg8 {[%emt 0:00:39]} 32. Re1 {[%emt 0:01:38]} Rgd8 {[%emt 0:01:45]} 33. Kh4 {[%emt 0:02:15]} Ra8 {[%emt 0:00:44]} 34. Nb2 {[%emt 0:02:44]} Re8 {[%emt 0:01:53]} 35. Ree3 {[%emt 0:00:43]} Red8 {[%emt 0:02:57]} 36. Rxd3 {[%emt 0:00:22]} Bd6 {[%emt 0:00:11]} 37. Kh3 {[%emt 0:02:45]} Be5 {[%emt 0:00:38]} 38. Kg2 {[%emt 0:01:40]} Bd6 {[%emt 0:00:38]} 39. Nd1 {[%emt 0:02:26]} Bf8 {[%emt 0:00:27]} 40. Nf2 {[%emt 0:01:43]} Bh6 {[%emt 0:00:15]} 41. Rxd5 {[%emt 0:00:18]} cxd5 {[%emt 0:00:06]} 42. Rd3 {[%emt 0:00:27]} Kc6 {[%emt 0:00:26]} 1/2-1/2